00998nam a2200229 a 4500001001000000003000500010005001700015008004100032010001100073011001100084040000900095100002900104245023300133260004100366500006000407502010900467650003600576650002500612650003400637650002700671856007000698000113147CHAP20220329144340.0170502s2016 mx a fsm |||||||spa d a109608 a110580 cCHAP1 aGarcía Bautista, Edith10aSelectividad del herbicida GF-2688 (halauxifen-metil + fluroxipir meptil) sobre cuatro variedades de cebada (Hordeum vulgare L.) bajo condiciones de invernadero, en Chapingo,México /h[En línea]cpor Edith García Bautista. aChapingo, Méx. :bEl autor,c2016. aPara ver el contenido del material haga clic en la liga aTesis (Ing. Agr. Esp. en Parasitología Agrícola) -- UACH. Departamento de Parasitología Agrícola14aCebadaxMalas hierbasxControl.14aCebadaxRendimiento.14aHerbicidasxEfecto en cebada.14aHerbicidasxToxicidad. aFinding aiduhttp://10.13.5.2/tesis/sist113147.pdfzTeclea aquí